| Registos Bibliográficos associados ao registo de autoridade |
|
Etiqueta de registo: 00000nam 2200025 450 001 2283775 003 http://id.bnportugal.gov.pt/bib/catbnp/2283775 100 ## $a20260407d2025 k y0pory01030103ba 101 0# $aeng$dpor 102 ## $aPT 105 ## $aa m 000yy 106 ## $ar 200 1# $aClinical and molecular characterization of the spectrum of obesity related kidney
disorders$fPedro Manuel Reis Pereira$gorient. Anabela Rodrigues, Mariana Monteiro 210 #9 $aPorto$c[s.n.],$d2025 215 ## $aXXXII, 216 p.$cil.$d30 cm 328 #1 $aTese dout. Ciências Médicas, Instituto de Ciências Biomédicas de Abel Salazar, Universidade
do Porto, 2025 700 #1 $aPereira,$bPedro Manuel Reis$31994844 702 #1 $aRodrigues,$bAnabela Soares$4727$31376976 702 #1 $aMonteiro,$bLídia Mariana Pereira$4727$3199591 801 #0 $aPT$bBN$gRPC 966 ## $lBN$mFGMON$x1 971 ## $corlando$d20260407
|
|
|